00751nam a2200181 a 450000100100000000500170001000800410002704000250006810000320009324500400012526000460016530000200021149000370023150000630026883000440033195201770037599900170055200004022420201002034008.0130819s1969 sp 000 0 spa d aDO-SdBNPbspacBNPHU1 aGuillén, Nicolás91124013aEl gran zoo /cNicolás Guillén. aMadrid :bEditorial Ciencia Nueva,c1969. a71 p. ;c22 cm.1 aEl bardo colección de poesía aIncluye datos biográficos del autor en la contracubierta 0aEl bardo colección de poesía966489 001050718MOaPDbPDcCTd2013-08-19iLF1l0o p40224-10r2020-06-25w2020-06-25y1zPerteneció a la biblioteca personal de Aída Cartagena PortalatínZNo se presta c39714d39714